000 00447nab a2200145Ia 4500
003 ES-SlBCS
005 20210601125251.0
008 140529s1987 xxu||||| |||| 00| 0 eng d
041 _aeng
100 1 _aShalkowski, Scott A.
_9132847
245 0 0 _aConcepts and Correspondence
_c Scott A. Shalkowski
650 0 4 _aCorrespondencia
_9133981
773 0 _tPhilosophy and Phenomenological Research
_gvol. 48, 1987, págs. 461-474
_wRev1411
942 _cAR
999 _c527534
_d527534